000
00249nam a2200109Ia 4500
008
190912s9999||||xx |||||||||||||| ||und||
100
_a
Gulnaar Afridi
245
0
_a
Tasha Gam
260
_a
Karachi
_b
Urdu Acadmy
_c
2000
300
_a
184
942
_c
BK
999
_c
7542
_d
7542